Rest Of The World TOTS - FIFA 21 - Statystyki

Ogólne statystyki
  • Ten quiz został rozwiązany 37 razy
  • Średni wynik to 4 z 11
Statystyki odpowiedzi
Overall Narodowość Klub Piłkarz % Poprawnych
86 Serbia Legia Warszawa Mladenovic
88%
90 Anglia Rangers Tavernier
72%
88 Zambia RB Salzburg Daka
53%
90 Chorwacja Dinamo Zagrzeb Orsic
53%
91 Brazylia Daegu Cesinha
22%
88 Australia Melbourne City Maclaren
19%
87 Nigeria Genk Onuachu
19%
89 Hiszpania Espanyol Embarba
16%
87 Dania Midtjylland Sviatchenko
16%
89 Francja Troyes Tardieu
16%
85 Irlandia Północna Shamrock Rovers Mannus
13%
Nie znaleziono quizów pasujących do podanych kryteriów
Rozkład punktacji
Procent ludzi z każdym wynikiem
Percentyl według liczby udzielonych odpowiedzi
Twoja historia wyników
Nie rozwiązałeś tego quizu